Footballeur suisse - Mort subite - Statistiques

Statistiques générales
  • Ce quiz a été pris 840 fois
  • Le résultat moyen est 4 sur 13
Answers on the Grid
Answers color-coded by a green-red scale on the quiz's grid according to % correct below.
Xherdan Shaqiri
Fabian Schär
Dereck Kutesa
Anthony Moris
Tranquillo Barnetta
Robin Pröpper
Robin Koch
Taulant Xhaka
Jordan Lotomba
Aaron Leya Iseka
Ragnar Klavan
Valon Behrami
Eren Derdiyok
Adrien Trebel
Philippe Senderos
Laurent Ciman
Mario Gavranovic
Leonidas Stergiou
Clément Couturier
Darko Lazovic
Ulysses Garcia
Florian Bohnert
Pajtim Kasami
Léo Lacroix
Mounir Chouiar
 
Statistiques - réponses
Réponse % Correct
Xherdan Shaqiri
99%
Fabian Schär
82%
Jordan Lotomba
31%
Ulysses Garcia
27%
Dereck Kutesa
26%
Tranquillo Barnetta
26%
Mario Gavranovic
24%
Valon Behrami
24%
Léo Lacroix
20%
Philippe Senderos
19%
Leonidas Stergiou
17%
Eren Derdiyok
16%
Pajtim Kasami
14%
Aucun quiz correspondant
Distribution des résultats
% des personnes avec chaque résultat
Percentile par nombre de réponses
Votre historique - résultats
Vous n’avez pas pris ce quiz